| 000 | 00682nam a2200217 i 4500 | ||
|---|---|---|---|
| 001 | bg | ||
| 100 | 1 | _aSOKOŁOWSKI, Czesław | |
| 245 | 0 | 0 |
_aWymagania sanitarno-higieniczne dla krytych pływalni / _cMin. Zdrowia i Opieki Społecznej. Departament Zdrowia Publicznego. |
| 260 |
_aWarszawa : _bPolskie Zrzesz. Inżynierów i Techników Sanitarnych, _c1998. |
||
| 300 |
_a51 s. ; _c30 cm. |
||
| 650 | 9 |
_aPływalnia _xurządzenia |
|
| 650 | 9 |
_aWoda _xtechnologia |
|
| 650 | 9 | _aInstalacje sanitarne | |
| 020 | _a8390659190 | ||
| 040 | _cBPK | ||
| 041 | 0 | _apl | |
| 080 | _a725.7:696:628.1 | ||
| 920 | _a83-906591-9-0 | ||
| 942 | _cKA | ||
| 008 | s pl f |000 0 pol | ||
| 999 |
_c24265 _d24265 |
||
| 856 |
_uhttp://koha.tu.koszalin.pl/cgi-bin/koha/opac-detail.pl?biblionumber=24265 _yKatalog online BPK |
||